Urban design reader
Gespeichert in:
| 1. Verfasser: | |
|---|---|
| Format: | Buch |
| Sprache: | Undetermined |
| Veröffentlicht: |
Amsterdam, The Netherlands
Architectural Press
2007
|
| Schlagworte: | |
| Tags: |
Tag hinzufügen
Keine Tags, Fügen Sie den ersten Tag hinzu!
|
| Thư viện lưu trữ: | Trung tâm Học liệu Trường Đại học Cần Thơ |
|---|
| LEADER | 00554nam a2200193Ia 4500 | ||
|---|---|---|---|
| 001 | CTU_128173 | ||
| 008 | 210402s9999 xx 000 0 und d | ||
| 020 | |c 604000 | ||
| 082 | |a 711.4 | ||
| 082 | |b C287 | ||
| 100 | |a Carmona, Mathew | ||
| 245 | 0 | |a Urban design reader | |
| 245 | 0 | |c Edited by Mathew Carmona and Steve Tiesdell | |
| 260 | |a Amsterdam, The Netherlands | ||
| 260 | |b Architectural Press | ||
| 260 | |c 2007 | ||
| 650 | |a City planning,Quy hoạch đô thị | ||
| 904 | |i Minh | ||
| 980 | |a Trung tâm Học liệu Trường Đại học Cần Thơ | ||